Les Demi-finales de la France, de l'Angleterre, de la Belgique et de la Croatie en Coupe du Monde de Football - Statistiques

Statistiques générales
  • Ce quiz a été pris 3 695 fois
  • Le résultat moyen est 7 sur 8
Statistiques - réponses
Réponse % Correct
France
98%
Belgique
97%
Croatie
97%
Angleterre
96%
Brésil
94%
RFA
93%
Argentine
89%
Portugal
85%
Aucun quiz correspondant
Distribution des résultats
% des personnes avec chaque résultat
Percentile par nombre de réponses
Votre historique - résultats
Vous n’avez pas pris ce quiz